Červená Karkulka /

Hlavní autor: Cosanti, Francesca, 1985-
Další autoři: Grimm, Jacob Ludwig Karl, 1785-1863, Grimm, Wilhelm Karl, 1786-1859, Tůma, Petr
Jazyk: Čeština
Vydáno: Praha : Naše vojsko, 2018
Témata:
Fyzický popis: 39 nečíslovaných stran : barevné ilustrace ; 32 cm
Knihy
Uloženo v:
LEADER 02046cam a2200517 i 4500
001 nkc20183049067
003 CZ PrNK
005 20190118111325.0
007 ta
008 181003s2018 xr a b 000 j cze d
015 |a cnb003049067 
020 |a 978-80-206-1741-5  |q (vázáno) :  |c Kč 299,00 
035 |a (OCoLC)1085381741 
040 |a OSA001  |b cze  |d OLA001  |e rda 
041 1 |a cze  |k eng  |h ger 
072 7 |a 821.112.2-3  |x Německá próza, německy psaná  |2 Konspekt  |9 25 
072 7 |a 821-93  |x Literatura pro děti a mládež (beletrie)  |2 Konspekt  |9 26 
080 |a 821.112.2-34  |2 MRF 
080 |a 821-93  |2 MRF 
080 |a (0:82-34)  |2 MRF 
080 |a (0.046.6)  |2 MRF 
100 1 |a Cosanti, Francesca,  |d 1985-  |7 xx0227365  |4 ill 
245 1 0 |a Červená Karkulka /  |c podle pohádky bratří Grimmů ; ilustrace Francesca Cosanti ; z anglického originálu Little Red Riding Hood přeložil Petr Tůma 
264 1 |a Praha :  |b Naše vojsko,  |c 2018 
300 |a 39 nečíslovaných stran :  |b barevné ilustrace ;  |c 32 cm 
336 |a text  |b txt  |2 rdacontent 
336 |a statický obraz  |b sti  |2 rdacontent 
337 |a bez média  |b n  |2 rdamedia 
338 |a svazek  |b nc  |2 rdacarrier 
500 |a Přeloženo z anglického překladu německého originálu? 
655 7 |a německé pohádky  |7 fd132941  |2 czenas 
655 7 |a literární adaptace  |7 fd119387  |2 czenas 
655 7 |a publikace pro děti  |7 fd133156  |2 czenas 
655 9 |a German fairy tales  |2 eczenas 
655 9 |a literary adaptations  |2 eczenas 
655 9 |a children's literature  |2 eczenas 
700 1 |a Grimm, Jacob Ludwig Karl,  |d 1785-1863  |7 jn19981228078  |4 ant 
700 1 |a Grimm, Wilhelm Karl,  |d 1786-1859  |7 jn19990002900  |4 ant 
700 1 |a Tůma, Petr  |7 jn20000810173  |4 trl 
765 0 8 |i Název anglické verze:  |t Little Red Riding Hood  |9 Česky 
910 2 |a BOA001  |b 4-1418.641 
920 |a 000747574  |z OSA001 
990 |a BK 
995 |a 01 
991 |b 201812  |c NOV 
996 6 |b 2610763342  |c 4-1418.641  |l MZK  |r Sklad / do 1 hodiny  |n 0  |p p.v.  |w 001697076  |u 000010  |a 1  |e BOA001  |j MZK50  |s P